[Event "Arber op Seniors 4th"]
[Site "Bodenmais"]
[Date "2016.08.07"]
[Round "9"]
[White "Suva, Karl"]
[Black "Schuster, Herbert"]
[Result "0-1"]
[WhiteElo "1200"]
[BlackElo "1804"]
[PlyCount "90"]
[EventDate "2016.07.30"]
[EventType "swiss"]
[EventRounds "9"]
[EventCountry "GER"]
[SourceTitle "EXT 2017"]
[Source "ChessBase"]
[SourceDate "2016.10.25"]
[SourceVersion "1"]
[SourceVersionDate "2016.10.25"]
[SourceQuality "1"]

1. d4 e6 2. e4 d5 3. exd5 exd5 4. h3 Be6 5. Nf3 h6 6. Be2 Nd7 7. b3 Ngf6 8. Bb2 c6 9. 0-0 Bd6 10. Re1 0-0 11. Nbd2 Rc8 12. c4 Re8 13. c5 Bb8 14. Bd3 Nf8 15. Ne5 N6d7 16. f4 Qf6 17. Rf1 Ng6 18. Nxg6 fxg6 19. Qc2 Bf5 20. Rf3 Re7 21. Rg3 Bxd3 22. Qxd3 Qf5 23. Qxf5 gxf5 24. Rf1 Rce8 25. Bc1 Re1 26. Nf3 Rxf1+ 27. Kxf1 Re4 28. Ne5 Bxe5 29. dxe5 Nxc5 30. Bb2 Ne6 31. Kf2 Rxf4+ 32. Ke3 Re4+ 33. Kf3 Kf7 34. Bc1 g5 35. Kf2 Rxe5 36. Rf3 Kg6 37. Bb2 Re4 38. g4 f4 39. a4 Nd4 40. Bxd4 Rxd4 41. Ke2 Re4+ 42. Kd3 a5 43. Kc3 Re3+ 44. Rxe3 fxe3 45. Kd3 d4 0-1

[Event "Arber op Seniors 4th"]
[Site "Bodenmais"]
[Date "2016.08.04"]
[Round "6"]
[White "Schuster, Herbert"]
[Black "Ketzscher, Roland"]
[Result "0-1"]
[WhiteElo "1804"]
[BlackElo "1933"]
[PlyCount "80"]
[EventDate "2016.07.30"]
[EventType "swiss"]
[EventRounds "9"]
[EventCountry "GER"]
[SourceTitle "EXT 2017"]
[Source "ChessBase"]
[SourceDate "2016.10.25"]
[SourceVersion "1"]
[SourceVersionDate "2016.10.25"]
[SourceQuality "1"]

1. d4 Nf6 2. c4 e6 3. Nf3 d5 4. Nc3 c6 5. Bg5 Be7 6. e3 0-0 7. h3 Nbd7 8. Be2 dxc4 9. Bxc4 Nd5 10. Bxe7 Qxe7 11. 0-0 Nxc3 12. bxc3 e5 13. d5 Nb6 14. d6 Qf6 15. Bb3 Rd8 16. Nh2 Rxd6 17. Qh5 Qf5 18. Qf3 e4 19. Qxf5 Bxf5 20. Rfd1 Rad8 21. Rd4 c5 22. Rxd6 Rxd6 23. Rd1 Rxd1+ 24. Bxd1 Nd5 25. c4 Nb6 26. Bb3 Be6 27. Nf1 Bxc4 28. Nd2 Bd3 29. f3 c4 30. fxe4 cxb3 31. axb3 Nd7 32. b4 Ne5 33. Kf2 Nc6 34. Nb3 b6 35. Kf3 Nxb4 36. e5 a5 37. e4 a4 38. Nc1 a3 39. Ke3 Bc4 40. Kd4 a2 0-1

[Event "Arber op Seniors 4th"]
[Site "Bodenmais"]
[Date "2016.08.03"]
[Round "5"]
[White "Klein, Gernot"]
[Black "Schuster, Herbert"]
[Result "1/2-1/2"]
[WhiteElo "1810"]
[BlackElo "1804"]
[PlyCount "163"]
[EventDate "2016.07.30"]
[EventType "swiss"]
[EventRounds "9"]
[EventCountry "GER"]
[SourceTitle "EXT 2017"]
[Source "ChessBase"]
[SourceDate "2016.10.25"]
[SourceVersion "1"]
[SourceVersionDate "2016.10.25"]
[SourceQuality "1"]

1. e4 e5 2. Nf3 d6 3. d4 exd4 4. Qxd4 Nc6 5. Bb5 Bd7 6. Qd3 h6 7. Nc3 Nf6 8. 0-0 a6 9. Bc4 Qe7 10. Bd2 Nb4 11. Qe2 0-0-0 12. Rac1 Ng4 13. a3 Nc6 14. b4 Nge5 15. Nxe5 Nxe5 16. Nd5 Qh4 17. f3 Nxc4 18. Qxc4 Bc6 19. a4 Bxd5 20. Qxd5 Qe7 21. b5 Qe5 22. Qd3 axb5 23. axb5 d5 24. Ra1 Bc5+ 25. Be3 Bxe3+ 26. Qxe3 b6 27. Qa3 Kd7 28. Rad1 d4 29. Qb3 Ke7 30. f4 Qc5 31. Kh1 Ra8 32. Qd3 Rhd8 33. Ra1 Qc3 34. Ra6 Rxa6 35. Qxc3 dxc3 36. bxa6 Ra8 37. Ra1 b5 38. Kg1 Kd6 39. Kf2 c5 40. Ke3 Kc6 41. Kd3 b4 42. Kc4 Kb6 43. Rd1 Kc6 44. Rd5 Rxa6 45. Rxc5+ Kd7 46. Kxb4 Kd6 47. Rd5+ Ke6 48. Kxc3 Ra4 49. Rd4 Ra1 50. Rd2 g5 51. fxg5 hxg5 52. Kd4 g4 53. h3 gxh3 54. gxh3 Rh1 55. Rd3 f6 56. c4 Rf1 57. c5 Rf4 58. Ke3 Rh4 59. Kd4 f5 60. Re3 Kd7 61. Kd5 fxe4 62. Rg3 Rh5+ 63. Kd4 Rh4 64. Rg7+ Kc6 65. Rg6+ Kc7 66. Rg3 Kc6 67. Re3 Kd7 68. Kd5 Rh5+ 69. Kd4 Kc6 70. Rc3 Rh4 71. Ke5 Kd7 72. Kf5 Kc6 73. Kg5 Rh8 74. h4 Kd5 75. c6 Kd4 76. Rc1 e3 77. c7 e2 78. Kf6 Rc8 79. Re1 Kd3 80. h5 Rxc7 81. h6 Kd2 82. Rh1 1/2-1/2

[Event "Bayern-ch Seniors op 27th"]
[Site "Bergen"]
[Date "2015.06.15"]
[Round "6"]
[White "Peiberg, Ehrhard"]
[Black "Schuster, Herbert"]
[Result "0-1"]
[WhiteElo "1469"]
[BlackElo "1624"]
[PlyCount "112"]
[EventDate "2015.06.15"]
[EventType "swiss"]
[EventRounds "9"]
[EventCountry "GER"]
[SourceTitle "EXT 2019"]
[Source "ChessBase"]
[SourceDate "2018.10.10"]
[SourceVersion "1"]
[SourceVersionDate "2018.10.10"]
[SourceQuality "1"]

1. d4 d5 2. c4 c6 3. cxd5 cxd5 4. Nc3 e6 5. Nf3 Nf6 6. Bg5 Be7 7. e3 0-0 8. Bd3 h6 9. Bh4 Nbd7 10. Qc2 a6 11. 0-0 b5 12. Rac1 Bb7 13. Qb1 Ng4 14. Bxe7 Qxe7 15. h3 Ngf6 16. Rfe1 Rac8 17. Ne2 Ne4 18. Rxc8 Rxc8 19. Rc1 Qd8 20. Rc2 Nd6 21. b3 Rxc2 22. Qxc2 Qc8 23. Qxc8+ Nxc8 24. Kf1 Kf8 25. Ke1 Ke7 26. Kd2 g5 27. g4 Nd6 28. Ng3 f6 29. Ke2 b4 30. Nd2 a5 31. f3 Bc6 32. Kd1 Nb5 33. Bxb5 Bxb5 34. Kc2 Kf7 35. e4 Bc6 36. Kd3 Nb6 37. Ke3 a4 38. Kd3 Kg6 39. Ke3 Bb5 40. f4 gxf4+ 41. Kxf4 Bd3 42. Ke3 Bc2 43. e5 fxe5 44. dxe5 a3 45. Kd4 Nd7 46. Ngf1 Kg5 47. Ne3 Bh7 48. Ng2 Be4 49. Nxe4+ dxe4 50. Kxe4 Nc5+ 51. Kd4 Nxb3+ 52. Kc4 Nc1 53. Kxb4 Nxa2+ 54. Kxa3 Nc1 55. h4+ Kxg4 56. h5 Nd3 0-1

[Event "Bayern-ch Seniors op 27th"]
[Site "Bergen"]
[Date "2015.06.15"]
[Round "2"]
[White "Rosmann, Armin"]
[Black "Schuster, Herbert"]
[Result "1/2-1/2"]
[WhiteElo "1403"]
[BlackElo "1624"]
[PlyCount "74"]
[EventDate "2015.06.15"]
[EventType "swiss"]
[EventRounds "9"]
[EventCountry "GER"]
[SourceTitle "EXT 2019"]
[Source "ChessBase"]
[SourceDate "2018.10.10"]
[SourceVersion "1"]
[SourceVersionDate "2018.10.10"]
[SourceQuality "1"]

1. e4 c5 2. Nf3 Nc6 3. Nc3 d6 4. d4 cxd4 5. Nxd4 g6 6. Bc4 e6 7. 0-0 Bg7 8. Nde2 a6 9. a3 b5 10. Ba2 Nge7 11. Bf4 Be5 12. Bxe5 Nxe5 13. f4 Qb6+ 14. Qd4 Qxd4+ 15. Nxd4 N5c6 16. Nce2 Bb7 17. f5 Nxd4 18. Nxd4 gxf5 19. exf5 e5 20. f6 Nd5 21. Nf5 0-0-0 22. Bxd5 Bxd5 23. Ne7+ Kd7 24. Nxd5 Kc6 25. Rad1 h5 26. Rf3 Rd7 27. Ne7+ Kb7 28. Nf5 d5 29. Re3 Re8 30. Ng7 Rc8 31. c3 Rc6 32. Nxh5 Re6 33. g4 Kc6 34. b4 a5 35. g5 axb4 36. axb4 e4 37. Rd4 Re5 1/2-1/2

[Event "Bayern-ch Seniors op 27th"]
[Site "Bergen"]
[Date "2015.06.15"]
[Round "8"]
[White "Wraga, Teresa"]
[Black "Schuster, Herbert"]
[Result "0-1"]
[WhiteElo "1424"]
[BlackElo "1624"]
[PlyCount "106"]
[EventDate "2015.06.15"]
[EventType "swiss"]
[EventRounds "9"]
[EventCountry "GER"]
[SourceTitle "EXT 2019"]
[Source "ChessBase"]
[SourceDate "2018.10.10"]
[SourceVersion "1"]
[SourceVersionDate "2018.10.10"]
[SourceQuality "1"]

1. e4 e5 2. Nc3 d6 3. g3 Nf6 4. h3 Nc6 5. Bg2 Be6 6. Nge2 Be7 7. 0-0 h6 8. d4 Bc4 9. Re1 0-0 10. Be3 Nh7 11. f4 Bf6 12. fxe5 dxe5 13. dxe5 Bxe5 14. Bf2 Nf6 15. Nf4 Qxd1 16. Rexd1 Rfd8 17. Nd3 Bxd3 18. Rxd3 Nb4 19. Rxd8+ Rxd8 20. Rd1 Rxd1+ 21. Nxd1 Nxc2 22. Nc3 a6 23. Nd5 Nxd5 24. exd5 b6 25. b3 Kf8 26. Be4 Nd4 27. Kg2 Ke7 28. Bxd4 Bxd4 29. g4 Kd6 30. Kg3 Ke5 31. Bf3 f5 32. gxf5 Kxf5 33. a4 a5 34. Bg4+ Ke5 35. Bf3 Be3 36. Kg4 Kd4 37. Kf5 Kc3 38. d6 cxd6 39. Bd5 Bd4 40. Ke6 Be5 41. Kd7 Kb4 42. Kc6 g5 43. Kxb6 Bd4+ 44. Kc6 Bc5 45. Bf3 Kxb3 46. Bd1+ Kc4 47. Bf3 Kd4 48. Kb5 Bb4 49. Kc6 Ke3 50. Bd5 Kf4 51. Kb5 h5 52. Kc4 g4 53. hxg4 hxg4 0-1

[Event "Niederbayernliga 1314"]
[Site "Bayern"]
[Date "2014.??.??"]
[Round "9"]
[White "Schuster, Herbert"]
[Black "Kuehne, Ronald"]
[Result "0-1"]
[WhiteElo "1634"]
[BlackElo "1658"]
[PlyCount "106"]
[EventDate "2013.10.13"]
[EventType "team-tourn"]
[EventRounds "9"]
[EventCountry "GER"]
[SourceTitle "EXT 2023"]
[Source "ChessBase"]
[SourceDate "2022.10.05"]
[SourceVersion "1"]
[SourceVersionDate "2022.10.05"]
[SourceQuality "1"]
[WhiteTeam "Landshut II"]
[BlackTeam "Ergolding"]
[WhiteTeamCountry "GER"]
[BlackTeamCountry "GER"]

1. d4 d5 2. c4 e6 3. Nf3 Nf6 4. Nc3 Be7 5. Bg5 0-0 6. e3 b6 7. cxd5 exd5 8. Be2 h6 9. Bxf6 Bxf6 10. Ne5 Bb7 11. 0-0 Bxe5 12. dxe5 Re8 13. f4 c6 14. b4 f6 15. Bh5 Rf8 16. e6 f5 17. Bf7+ Kh8 18. Qd4 Nd7 19. Rf3 c5 20. bxc5 bxc5 21. Qd3 Rxf7 22. exf7 d4 23. Rg3 dxc3 24. Qxc3 Qf6 25. Qxf6 Nxf6 26. Rb1 Bd5 27. e4 Nxe4 28. Rd3 Nf6 29. Rbd1 Bxf7 30. Rd8+ Rxd8 31. Rxd8+ Kh7 32. Ra8 Bxa2 33. Rxa7 Bb3 34. Kf2 c4 35. g3 Bc2 36. Ke3 Bd3 37. h3 Kg6 38. Ra6 Kh5 39. Ra7 g6 40. Ra3 Ne4 41. Kf3 Nd2+ 42. Ke3 Nb1 43. Ra1 Be4 44. Ra2 c3 45. Ra5 c2 46. Rc5 Na3 47. g4+ Kh4 48. gxf5 Bxf5 49. Kd2 Nb1+ 50. Kc1 Kxh3 51. Rc4 h5 52. Rb4 h4 53. Rd4 Kg3 0-1

[Event "Bayern-ch Seniors 24nd"]
[Site "Bergen"]
[Date "2012.06.18"]
[Round "3"]
[White "Willin, Bernhard"]
[Black "Schuster, Herbert"]
[Result "1-0"]
[WhiteElo "1855"]
[BlackElo "1638"]
[PlyCount "93"]
[EventDate "2012.06.16"]
[EventType "swiss"]
[EventRounds "9"]
[EventCountry "GER"]
[SourceTitle "EXT 2015"]
[Source "ChessBase"]
[SourceDate "2014.11.20"]
[SourceVersion "1"]
[SourceVersionDate "2014.11.20"]
[SourceQuality "1"]

1. d4 d5 2. c4 e6 3. Nf3 Nf6 4. Nc3 c6 5. Bg5 Be7 6. e3 h6 7. Bf4 Nbd7 8. Bd3 dxc4 9. Bxc4 Nd5 10. Bg3 Qa5 11. Qc2 Bb4 12. Rc1 N7b6 13. Bb3 0-0 14. 0-0 Nxc3 15. bxc3 Ba3 16. Rb1 Nd5 17. c4 Ne7 18. e4 Ng6 19. c5 Qd8 20. Bd6 Re8 21. Qd3 a5 22. Bc2 b5 23. Qxa3 b4 24. Qe3 Ba6 25. Rfd1 f5 26. exf5 exf5 27. Ne5 Qf6 28. Qf3 Nh4 29. Qh5 Qg5 30. Qxg5 hxg5 31. g3 Rxe5 32. dxe5 Nf3+ 33. Kg2 Be2 34. Bxf5 Bxd1 35. Rxd1 g4 36. e6 Ng5 37. Bxg4 Ne4 38. Bh5 Nf6 39. Bg6 a4 40. Rd3 Nd5 41. e7 Nf6 42. Re3 b3 43. axb3 a3 44. Re1 a2 45. Be5 Ne8 46. Ba1 Nc7 47. e8Q+ 1-0

[Event "Niederbayernliga 1112"]
[Site "Bayern"]
[Date "2012.??.??"]
[Round "9"]
[White "Golder, Waldemar"]
[Black "Schuster, Herbert"]
[Result "1-0"]
[WhiteElo "1874"]
[BlackElo "1706"]
[PlyCount "86"]
[EventDate "2011.10.??"]
[EventType "team-tourn"]
[EventRounds "9"]
[EventCountry "GER"]
[SourceTitle "EXT 2023"]
[Source "ChessBase"]
[SourceDate "2022.10.05"]
[SourceVersion "1"]
[SourceVersionDate "2022.10.05"]
[SourceQuality "1"]
[WhiteTeam "Ergolding"]
[BlackTeam "Landshut II"]
[WhiteTeamCountry "GER"]
[BlackTeamCountry "GER"]

1. c4 e6 2. Nc3 Nf6 3. e4 d6 4. d4 c6 5. g3 Qa5 6. Bd2 Qc7 7. Bg2 e5 8. d5 a5 9. Nge2 Na6 10. 0-0 Nc5 11. h3 Qb6 12. Rb1 a4 13. Qc2 Be7 14. Kh1 g6 15. f4 Nfd7 16. Rf3 Qa6 17. b4 axb3 18. axb3 b5 19. dxc6 Qxc6 20. cxb5 Qb7 21. b4 Ne6 22. Nd5 Nb6 23. Rc3 0-0 24. Rc6 Nxd5 25. exd5 Ng7 26. fxe5 Bf5 27. Be4 dxe5 28. Bh6 Rfc8 29. Bxg7 Kxg7 30. Bxf5 gxf5 31. Qxf5 Rxc6 32. bxc6 Qc7 33. b5 Qd6 34. Qe4 f5 35. Qc4 Qa3 36. Nc3 Bc5 37. Qb3 Bb6 38. Qxa3 Rxa3 39. Rc1 Kf7 40. d6 Ke6 41. c7 Ra8 42. Na4 Bxc7 43. dxc7 Kd7 1-0

[Event "Niederbayernliga 1112"]
[Site "Bayern"]
[Date "2012.??.??"]
[Round "8"]
[White "Schuster, Herbert"]
[Black "Trost, Bernhard"]
[Result "1/2-1/2"]
[WhiteElo "1706"]
[BlackElo "1415"]
[PlyCount "112"]
[EventDate "2011.10.??"]
[EventType "team-tourn"]
[EventRounds "9"]
[EventCountry "GER"]
[SourceTitle "EXT 2023"]
[Source "ChessBase"]
[SourceDate "2022.10.05"]
[SourceVersion "1"]
[SourceVersionDate "2022.10.05"]
[SourceQuality "1"]
[WhiteTeam "Landshut II"]
[BlackTeam "Geiselhoering"]
[WhiteTeamCountry "GER"]
[BlackTeamCountry "GER"]

1. d4 d5 2. c4 c6 3. Nf3 Nf6 4. Nc3 e6 5. e3 Nbd7 6. h3 Be7 7. Bd2 0-0 8. a3 Ne4 9. cxd5 exd5 10. Bd3 Nxd2 11. Qxd2 Nf6 12. Qc2 Re8 13. Ne5 Bd6 14. f4 g6 15. 0-0-0 Nd7 16. g4 Nf8 17. h4 f6 18. Nxg6 hxg6 19. h5 Rxe3 20. Bxg6 Bxf4 21. Kb1 Bh6 22. Bf5 Qe7 23. Bxc8 Rxc8 24. Nxd5 cxd5 25. Qxc8 Qd7 26. Qb8 a6 27. Rhf1 Re8 28. Qg3 Qc6 29. Rd3 Re2 30. Rb3 Qc2+ 31. Ka2 Qc4 32. Qd3 Qxd3 33. Rxd3 Kf7 34. Rb3 Re7 35. Rb6 Bg5 36. Rf5 Rd7 37. Rf3 Ne6 38. Rfb3 Nd8 39. Rh3 Kg7 40. Rbb3 Ne6 41. Rhd3 Nf4 42. Rd1 Ne2 43. Rf3 Nf4 44. Rc3 Ne2 45. Rc8 Re7 46. Kb3 Nf4 47. Kb4 Kh6 48. Kc5 Re2 49. Kd6 Rxb2 50. Re1 Rb6+ 51. Kd7 f5 52. Ree8 fxg4 53. Rh8+ Kg7 54. Rcg8+ Kf6 55. Rf8+ Kg7 56. Rfg8+ Kf6 1/2-1/2

[Event "Bad Griesbach Seniors op 14th"]
[Site "Bad Griesbach"]
[Date "2011.12.07"]
[Round "4"]
[White "Slacik, Johann"]
[Black "Schuster, Herbert"]
[Result "0-1"]
[WhiteElo "1576"]
[BlackElo "1744"]
[PlyCount "116"]
[EventDate "2011.12.04"]
[EventType "swiss"]
[EventRounds "7"]
[EventCountry "GER"]
[SourceTitle "EXT 2015"]
[Source "ChessBase"]
[SourceDate "2014.11.20"]
[SourceVersion "1"]
[SourceVersionDate "2014.11.20"]
[SourceQuality "1"]

1. d4 Nf6 2. c4 e6 3. Nf3 Be7 4. Qc2 h6 5. g3 b6 6. Bg2 Bb7 7. Nbd2 d6 8. 0-0 Nbd7 9. e4 e5 10. b3 c5 11. d5 Nh7 12. Ne1 Bf6 13. Rb1 a5 14. a4 0-0 15. Nd3 Re8 16. Qd1 Ndf8 17. Bb2 Bc8 18. Qe2 Ng6 19. Rbe1 Bd7 20. f4 exf4 21. Bxf6 Qxf6 22. Nxf4 Qd4+ 23. Kh1 Nxf4 24. Rxf4 Ng5 25. Nf3 Nxf3 26. Qxf3 f6 27. e5 Rxe5 28. Rxd4 Rxe1+ 29. Bf1 cxd4 30. Kg2 Rae8 31. Kf2 R8e5 32. Qd3 R5e4 33. Bg2 R4e3 34. Qxd4 R1e2+ 35. Kf1 Bf5 36. g4 Re1+ 37. Kf2 R3e2+ 38. Kg3 Re3+ 39. Kf2 R1e2+ 40. Kg1 Bg6 41. Qxb6 Rc3 42. Bf1 Rb2 43. Qd4 Rcxb3 44. Bg2 Rc2 45. h4 Rb1+ 46. Kh2 Rbb2 47. h5 Rxg2+ 48. Kh3 Rh2+ 49. Kg3 Rbg2+ 50. Kf3 Bc2 51. c5 dxc5 52. Qxc5 Rd2 53. Qc8+ Kh7 54. Qe6 Rhf2+ 55. Kg3 Rfe2 56. Qc6 Rd4 57. d6 Red2 58. g5 hxg5 0-1

[Event "Bad Griesbach Seniors op 14th"]
[Site "Bad Griesbach"]
[Date "2011.12.06"]
[Round "3"]
[White "Schuster, Herbert"]
[Black "Boldt, Heinrich"]
[Result "1/2-1/2"]
[WhiteElo "1744"]
[BlackElo "1751"]
[PlyCount "63"]
[EventDate "2011.12.04"]
[EventType "swiss"]
[EventRounds "7"]
[EventCountry "GER"]
[SourceTitle "EXT 2015"]
[Source "ChessBase"]
[SourceDate "2014.11.20"]
[SourceVersion "1"]
[SourceVersionDate "2014.11.20"]
[SourceQuality "1"]

1. d4 d5 2. Nf3 Nf6 3. e3 Bg4 4. Be2 e6 5. Nbd2 Be7 6. Ne5 Bf5 7. h3 Nbd7 8. 0-0 Nxe5 9. dxe5 Nd7 10. g4 Bg6 11. f4 f5 12. g5 c5 13. c4 Nb6 14. h4 Qc7 15. b3 0-0-0 16. Qc2 h6 17. h5 Be8 18. g6 Bc6 19. Bf3 Rd7 20. Bb2 Rhd8 21. cxd5 Bxd5 22. Rac1 Kb8 23. Ba3 Rc8 24. Rfd1 Bxf3 25. Nxf3 Nd5 26. Kf2 Qb6 27. Qc4 Qa5 28. Bb2 b5 29. Qe2 a6 30. a3 Rdc7 31. Rc2 Qb6 32. Kg3 1/2-1/2

[Event "Bayern-ch Seniors 23rd"]
[Site "Bergen"]
[Date "2011.05.31"]
[Round "4"]
[White "Schuster, Herbert"]
[Black "Zschorsch, Peter"]
[Result "1-0"]
[WhiteElo "1744"]
[BlackElo "1794"]
[PlyCount "89"]
[EventDate "2011.05.28"]
[EventType "swiss"]
[EventRounds "9"]
[EventCountry "GER"]
[SourceTitle "EXT 2012"]
[Source "ChessBase"]
[SourceDate "2011.11.24"]
[SourceVersion "1"]
[SourceVersionDate "2011.11.24"]
[SourceQuality "1"]

1. d4 Nf6 2. c4 c5 3. Nf3 g6 4. Nc3 cxd4 5. Nxd4 Bg7 6. g3 Nc6 7. Bg2 0-0 8. 0-0 Qb6 9. e3 Qb4 10. Qb3 Qxb3 11. axb3 a6 12. Bd2 Bh6 13. Rfd1 e5 14. Ndb5 Rb8 15. Nd6 Ne8 16. Nxe8 Rxe8 17. Nd5 Bg7 18. Bc3 d6 19. Nb6 Bf8 20. Rd2 h6 21. Rad1 Bg4 22. f3 Be6 23. e4 Be7 24. Kf1 Bd8 25. Nd5 Bxd5 26. Rxd5 Bc7 27. Bh3 Red8 28. b4 Ne7 29. R5d3 f5 30. Ke2 Kf8 31. b3 Ra8 32. Bg2 Kf7 33. h4 Rac8 34. Bh3 Kf6 35. g4 Rb8 36. h5 Rg8 37. Rxd6+ Bxd6 38. Rxd6+ Kf7 39. Bxe5 fxg4 40. Rf6+ Kg7 41. Rxg6+ Kh7 42. Bxb8 Rxb8 43. Re6 gxf3+ 44. Kxf3 Nc6 45. Rd6 1-0

[Event "Bayern-ch Seniors 23rd"]
[Site "Bergen"]
[Date "2011.05.30"]
[Round "3"]
[White "Jehn, Detlef"]
[Black "Schuster, Herbert"]
[Result "0-1"]
[WhiteElo "1556"]
[BlackElo "1744"]
[PlyCount "118"]
[EventDate "2011.05.28"]
[EventType "swiss"]
[EventRounds "9"]
[EventCountry "GER"]
[SourceTitle "EXT 2012"]
[Source "ChessBase"]
[SourceDate "2011.11.24"]
[SourceVersion "1"]
[SourceVersionDate "2011.11.24"]
[SourceQuality "1"]

1. e4 c5 2. Bc4 e6 3. Nf3 Nc6 4. 0-0 Be7 5. c3 h6 6. d4 cxd4 7. Nxd4 Nf6 8. Nxc6 bxc6 9. Qe2 0-0 10. b4 a5 11. bxa5 Nxe4 12. Qxe4 d5 13. Bxd5 Qxd5 14. Qxd5 exd5 15. Bd2 Bf6 16. a4 Rxa5 17. Ra2 Ra6 18. Rc1 Be6 19. a5 Rfa8 20. Ra4 Rxa5 21. Rxa5 Rxa5 22. c4 Ra2 23. cxd5 Bxd5 24. Be3 Ra1 25. f3 Ba2 26. Na3 Rxc1+ 27. Bxc1 Bd4+ 28. Kf1 Bd5 29. Ke2 f5 30. Be3 Bb2 31. Nc2 Bc4+ 32. Kf2 Kf7 33. Nd4 f4 34. Nxc6 fxe3+ 35. Kxe3 Bf1 36. Kf2 Bb5 37. Nb4 Bd4+ 38. Kg3 Ke6 39. Nc2 Bc5 40. h3 Kf5 41. h4 h5 42. f4 Bd3 43. Ne1 Be4 44. Nf3 Be3 45. Kh3 Kxf4 46. Nh2 Bf5+ 47. g4 hxg4+ 48. Kg2 Be4+ 49. Kf1 g3 50. Ng4 Kxg4 51. Ke2 Bd4 52. h5 g2 53. h6 gxh6 54. Kd2 g1Q 55. Ke2 Qe3+ 56. Kd1 Qd3+ 57. Ke1 Bc3+ 58. Kf2 Qf3+ 59. Kg1 Qg2# 0-1

[Event "Bad Griesbach Seniors op 13th"]
[Site "Bad Griesbach"]
[Date "2010.12.11"]
[Round "7"]
[White "Filbry, Lothar"]
[Black "Schuster, Herbert"]
[Result "1/2-1/2"]
[WhiteElo "1507"]
[BlackElo "1676"]
[PlyCount "153"]
[EventDate "2010.12.05"]
[EventType "swiss"]
[EventRounds "7"]
[EventCountry "GER"]
[SourceTitle "EXT 2015"]
[Source "ChessBase"]
[SourceDate "2014.11.20"]
[SourceVersion "1"]
[SourceVersionDate "2014.11.20"]
[SourceQuality "1"]

1. c4 Nf6 2. d4 e6 3. Bg5 Be7 4. Nf3 h6 5. Bh4 0-0 6. e3 d5 7. Be2 c6 8. 0-0 Nbd7 9. Nc3 dxc4 10. Bxc4 Nd5 11. Bxe7 Qxe7 12. Nxd5 exd5 13. Bd3 Nf6 14. h3 Ne4 15. Bxe4 Qxe4 16. Nd2 Qg6 17. Qf3 Qc2 18. Nb3 Qxb2 19. Rfb1 Qc2 20. Nc5 b6 21. Rc1 Qg6 22. Nb3 Bf5 23. Rc3 Be4 24. Qg4 Qd6 25. Qe2 Bf5 26. Rac1 Bd7 27. Nd2 a5 28. Nf3 f6 29. Qd3 Qe7 30. Nd2 b5 31. Qg6 a4 32. e4 Be8 33. Qg4 h5 34. Qf3 b4 35. Re3 Qf7 36. e5 fxe5 37. Qxf7+ Rxf7 38. Rxe5 g6 39. Rce1 Bd7 40. Rb1 Rb8 41. Rg5 Kh7 42. Nf3 Bf5 43. Rc1 Rf6 44. Nd2 Bd3 45. Re5 Bb5 46. g4 Rbf8 47. Re7+ R8f7 48. Rxf7+ Rxf7 49. Rb1 Re7 50. Rxb4 Re1+ 51. Kg2 Ra1 52. Rb2 Kg7 53. Kf3 Kf6 54. h4 Rc1 55. Kf4 Rc3 56. Nf3 a3 57. Rb1 Rc2 58. Ra1 Rxf2 59. Kg3 Rb2 60. Ne5 hxg4 61. Nxg4+ Kg7 62. Ne5 Rd2 63. Nf3 Rc2 64. Kf4 Kf6 65. Ne5 c5 66. Ng4+ Kg7 67. dxc5 Rxc5 68. Ne5 Rc2 69. Rg1 Be8 70. h5 Rxa2 71. hxg6 Rf2+ 72. Ke3 Rf6 73. Kd4 a2 74. Kxd5 Bxg6 75. Nxg6 Rxg6 76. Ra1 Rg2 77. Kc4 1/2-1/2

[Event "Bad Griesbach Seniors op 13th"]
[Site "Bad Griesbach"]
[Date "2010.12.10"]
[Round "6"]
[White "Schuster, Herbert"]
[Black "Boldt, Heinrich"]
[Result "0-1"]
[WhiteElo "1676"]
[BlackElo "1765"]
[PlyCount "122"]
[EventDate "2010.12.05"]
[EventType "swiss"]
[EventRounds "7"]
[EventCountry "GER"]
[SourceTitle "EXT 2015"]
[Source "ChessBase"]
[SourceDate "2014.11.20"]
[SourceVersion "1"]
[SourceVersionDate "2014.11.20"]
[SourceQuality "1"]

1. d4 d5 2. c4 c6 3. Nf3 Nf6 4. Nc3 dxc4 5. a4 Bf5 6. Bd2 e6 7. e3 Bd6 8. Bxc4 Nbd7 9. Nh4 Bg6 10. Nxg6 hxg6 11. h3 Nb6 12. Bb3 a5 13. Qf3 Bb4 14. 0-0 Nbd5 15. Rfd1 Qe7 16. e4 Nc7 17. Ne2 Bxd2 18. Rxd2 Rd8 19. Rad1 0-0 20. Bc4 Qb4 21. b3 b5 22. axb5 cxb5 23. e5 Nd7 24. Qc6 bxc4 25. Qxc7 cxb3 26. d5 Nc5 27. Rd4 Qa3 28. d6 Nd7 29. Nc3 Nxe5 30. Nb1 Qa2 31. d7 f6 32. f4 Nf7 33. Qc4 Qc2 34. Qxe6 a4 35. Na3 Qc5 36. Nb1 Qc2 37. Qc4 Qxc4 38. Rxc4 Ra8 39. Na3 g5 40. fxg5 Nd8 41. Rc8 Ne6 42. Rdc1 Ra7 43. Rxf8+ Kxf8 44. Rc6 Nd8 45. Rc8 Rxd7 46. gxf6 gxf6 47. Ra8 Rd4 48. Kf2 Ke7 49. Ke3 Rb4 50. Kd3 Nc6 51. Kc3 Re4 52. Nb1 Kd6 53. Na3 Kc5 54. Kd3 f5 55. Rf8 Kb4 56. Nb1 Rd4+ 57. Ke2 a3 58. Nxa3 Kxa3 59. Rxf5 b2 60. Rf1 Ka2 61. Ke3 b1Q 0-1

[Event "Bad Griesbach Seniors op 13th"]
[Site "Bad Griesbach"]
[Date "2010.12.08"]
[Round "4"]
[White "Schuster, Herbert"]
[Black "Ulmer, Heinz"]
[Result "1/2-1/2"]
[WhiteElo "1676"]
[BlackElo "1684"]
[PlyCount "85"]
[EventDate "2010.12.05"]
[EventType "swiss"]
[EventRounds "7"]
[EventCountry "GER"]
[SourceTitle "EXT 2015"]
[Source "ChessBase"]
[SourceDate "2014.11.20"]
[SourceVersion "1"]
[SourceVersionDate "2014.11.20"]
[SourceQuality "1"]

1. d4 d5 2. g3 Bf5 3. Bg2 c6 4. Nf3 h6 5. Nbd2 Nf6 6. Ne5 e6 7. c3 Bd6 8. Ndf3 Nbd7 9. Bf4 Qc7 10. Nxd7 Nxd7 11. Bxd6 Qxd6 12. Qd2 a5 13. 0-0 c5 14. Rae1 0-0 15. Qe3 c4 16. Nd2 b5 17. a3 b4 18. axb4 axb4 19. Ra1 Nb6 20. h4 b3 21. f4 Ra4 22. Qf3 Rfa8 23. Rxa4 Rxa4 24. e4 dxe4 25. Nxe4 Bxe4 26. Qxe4 Ra2 27. Rf2 Na4 28. Qa8+ Qf8 29. Qb7 Nxb2 30. Be4 Ra1+ 31. Rf1 Rxf1+ 32. Kxf1 f5 33. Bb1 Qa3 34. Qc8+ Kf7 35. Qd7+ Qe7 36. Qc6 Nd1 37. Qf3 Nb2 38. d5 g6 39. Qe2 Nd3 40. Bxd3 cxd3 41. Qxd3 exd5 42. Qxd5+ Qe6 43. Qb5 1/2-1/2

[Event "Bad Griesbach Seniors op 13th"]
[Site "Bad Griesbach"]
[Date "2010.12.06"]
[Round "2"]
[White "Schuster, Herbert"]
[Black "Post, Hermann"]
[Result "1-0"]
[WhiteElo "1676"]
[BlackElo "1569"]
[PlyCount "81"]
[EventDate "2010.12.05"]
[EventType "swiss"]
[EventRounds "7"]
[EventCountry "GER"]
[SourceTitle "EXT 2015"]
[Source "ChessBase"]
[SourceDate "2014.11.20"]
[SourceVersion "1"]
[SourceVersionDate "2014.11.20"]
[SourceQuality "1"]

1. d4 f5 2. Bf4 Nf6 3. h3 e6 4. Nf3 Be7 5. e3 0-0 6. Nbd2 b6 7. Be2 Bb7 8. c3 Ne4 9. Qc2 d6 10. h4 Nxd2 11. Qxd2 h6 12. 0-0-0 Bf6 13. Rdg1 Qe7 14. Ne1 Bxh4 15. Bf3 Bxf3 16. gxf3 Bg5 17. Bxg5 hxg5 18. Rh5 Kf7 19. Rhxg5 Rg8 20. f4 g6 21. Nf3 Nd7 22. Qd1 Rg7 23. Rh1 Rag8 24. Rg2 Nf6 25. Ng5+ Kf8 26. Qb3 d5 27. Qa4 a5 28. Qc6 Qd6 29. Qxd6+ cxd6 30. Nxe6+ Kf7 31. Nxg7 Rxg7 32. f3 Rh7 33. Rxh7+ Nxh7 34. Kd2 Nf6 35. a4 Nd7 36. b4 axb4 37. cxb4 Nb8 38. Kc3 Nc6 39. Kb3 Kf6 40. Rc2 Ne7 41. a5 1-0